Космическое сознание (Запись № 7558373)

Подробности
000 -МАРКЕР
контрольное поле 02011nam0a22003131 4500
001 - ИДЕНТИФИКАТОР ЗАПИСИ
контрольное поле rc\164671
005 - ИДЕНТИФИКАТОР ВЕРСИИ
контрольное поле 20250620214301.0
010 ## - МЕЖДУНАРОДНЫЙ СТАНДАРТНЫЙ НОМЕР КНИГИ (ISBN)
Номер (ISBN) 5-86745-007-4
Тираж 10000
035 ## - ДРУГИЕ СИСТЕМНЫЕ НОМЕРА
Идентификатор записи (NLR Aleph) 005429122
100 ## - ДАННЫЕ ОБЩЕЙ ОБРАБОТКИ
Данные общей обработки 20030307d1995 |||y0rusy50 ca
101 0# - ЯЗЫК РЕСУРСА
Язык текста, звукозаписи и т.д. русский
102 ## - СТРАНА ПУБЛИКАЦИИ ИЛИ ПРОИЗВОДСТВА
Страна публикации Российская Федерация
105 ## - ПОЛЕ КОДИРОВАННЫХ ДАННЫХ: ТЕКСТОВЫЕ МАТЕРИАЛЫ, МОНОГРАФИЧЕСКИЕ
Кодированные данные о монографическом текстовом документе y |||||||||
200 1# - ЗАГЛАВИЕ И СВЕДЕНИЯ ОБ ОТВЕТСТВЕННОСТИ
Основное заглавие Космическое сознание
Сведения, относящиеся к заглавию [Сб.
-- Пер. с нем.
Первые сведения об ответственности Сост. лауреат Гос. премии, проф. В.А. Шериев]
210 ## - ПУБЛИКАЦИЯ, РАСПРОСТРАНЕНИЕ И ДР.
Место издания, распространения и т.д. М.
Имя издателя, распространителя и т. д. НИК
-- Одиссей
Дата издания, распространения и т.д. 1995
215 ## - ФИЗИЧЕСКАЯ ХАРАКТЕРИСТИКА
Специфическое обозначение материала и объем 799 с.
Размеры 21
225 1# - СЕРИЯ
Основное заглавие серии Библиотека восточной религиозно-мистической философии
Обозначение тома Вып. 4
327 1# - ПРИМЕЧАНИЯ О СОДЕРЖАНИИ
Текст примечания Содерж.: Космическое сознание / Д-р Р.М. Бекк. В поисках сокровенной мудрости Индии; Путь в себя / П. Брэнтон. Жизнь по духовным законам / Г.В. Дрессер. К жизни. На заре бессмертия / П. Мюльфорд
464 #0 - АНАЛИТИЧЕСКИЙ УРОВЕНЬ
Встроенное поле 2001#$aКосмическое сознание
-- 700#1$aБекк$bР.М.$cд-р
Заглавие Космическое сознание
Автор Бекк, Р.М. (д-р)
464 #0 - АНАЛИТИЧЕСКИЙ УРОВЕНЬ
Встроенное поле 2001#$aВ поисках сокровенной мудрости Индии
-- 700#1$aБрэнтон$bП.
Заглавие В поисках сокровенной мудрости Индии
Автор Брэнтон, П.
464 #0 - АНАЛИТИЧЕСКИЙ УРОВЕНЬ
Встроенное поле 2001#$aПуть в себя
-- 700#1$aБрэнтон$bП.
Заглавие Путь в себя
Автор Брэнтон, П.
464 #0 - АНАЛИТИЧЕСКИЙ УРОВЕНЬ
Встроенное поле 2001#$aЖизнь по духовным законам
-- 700#1$aДрессер$bГ.В.
Заглавие Жизнь по духовным законам
Автор Дрессер, Г.В.
464 #0 - АНАЛИТИЧЕСКИЙ УРОВЕНЬ
Встроенное поле 2001#$aК жизни. На заре бессмертия
-- 700#1$aМюльфорд$bП.
Заглавие К жизни. На заре бессмертия
Автор Мюльфорд, П.
801 #0 - ИСТОЧНИК ЗАПИСИ
Страна Российская Федерация
Организация NLR
Правила каталогизации psbo
801 #1 - ИСТОЧНИК ЗАПИСИ
Страна Российская Федерация
Организация ELAR
Источник данных rusmarc
852 ## - МЕСТОНАХОЖДЕНИЕ И ШИФР ХРАНЕНИЯ
Идентификатор организации NLR
Шифр хранения (Call Number) 95-3/2695
942 ## - ДОПОЛНИТЕЛЬНЫЕ ЭЛЕМЕНТЫ ЗАПИСИ (АБИС)
Тип экземпляра АБИС Книга
980 ## - КОЛЛЕКЦИЯ
Название коллекции Национальная библиография
Экземпляры
Тип экземпляра Дата поступления Библиотека постоянного хранения Библиотека текущего хранения Место хранения Шифр хранения Штрих-код Статус экземпляра
Книга 26.10.2013 РНБ (Московский) РНБ (Московский) Русский книжный фонд: издания с 1957 года 95-3/2695 1-3992405